000 00594nam a2200181 i 4500
001 33804
003 ES-MaACL
005 20230906154826.0
007 t|
008 030203s1966 sp ||||1| spa d
100 1 _aBlack, James M.
_929063
245 1 0 _aDirección operacional
_b: guía para actuación supervisora competente /
_cJames M. Black, Guy B. Ford ; traducido por Alejandra Tcachuk.
260 _aMadrid :
_bCastillo,
_c[1966]
300 _aXIV, 261 p. ;
_c21 cm.
700 1 _aFord, Guy B.
_951701
700 1 _aTcachuk, Alejandra.
_9109482
852 _aES-MaACL
_jC-29283
_bR.59818
999 _c33804
_d33804